000 00596nam a2200217Ia 4500
005 20231216091013.0
008 131103s9999 xx 000 0 und d
020 _a9814107158
_cRs 195
040 _aLoreto College
041 _aEnglish
082 _a428
_bKIR
100 _aKirkpatrick, Betty
245 _aEnglish Language Toolbox,
_b Proverbs,
_cBetty Kirkpatrick
260 _aSingapore
_bLearners Publishing Pte Ltd
_c2003
300 _a234p
504 _aIncludes exercises on proverbs
650 _aEnglish Language
651 _aProverbs
850 _aLCLIB
942 _cBK
999 _c19407
_d69886